Statistics for Queen Elizabeth's Children

Click here to take the quiz!

General Stats

  • This quiz has been taken 687 times
    (427 since last reset)
  • The average score is 14 of 18

Answer Stats

answer% Correct
Charles
99%
Harry
97%
William
96%
Anne
93%
Andrew
92%
George
90%
Charlotte
87%
Edward
87%
Archie
82%
Beatrice
77%
Eugenie
75%
Zara
70%
Peter
62%
Louise
58%
James
56%
Mia
49%
Isla
46%
Savannah
46%

Score Distribution

Percentile by Number Answered

Percent of People with Each Score

Your Score History

You have not taken this quiz since the last reset